000 01397nam2a22002411 4500
001 v19\rc\2084404
005 20250620033937.0
035 _a(NLR Aleph) 005154700
090 _a4934508
_c4934508
100 _a20081218d1912 |||y0rusy50 ca
101 0 _arus
102 _aRU
105 _ay z |||||
200 0 _a... с 24 ноября 1911 года по 18 октября 1912 года техника по молочному делу
_f[Сост.] С. Ковригович
210 _d[1912]
_aБ. м.
215 _a6 с.
461 0 _1001v19\rc\2084403
_12001#$aОтчет о деятельности...$eВ Нижегородскую уездную земскую управу$v... с 24 ноября 1911 года по 18 октября 1912 года техника по молочному делу
_94934503
_aНижегородский уезд. земский инструктор по молочному хозяйству
_c[Нижний Новгород
_d[1912]-[1913]
_oВ Нижегородскую уездную земскую управу
_tОтчет о деятельности...
_v... с 24 ноября 1911 года по 18 октября 1912 года техника по молочному делу
702 1 _aКовригович
_bС.
_4220
801 0 _aRU
_bNLR
_gpsbo
801 1 _aRU
_bProSoft-M
_2rusmarc
852 _aNLR
_bЗем
_j22-1/О22
942 _cBOOK
980 _aNB